| 000 | 01018nam a22003497a 4500 | ||
|---|---|---|---|
| 001 | 000053376 | ||
| 003 | CHAP | ||
| 005 | 20220329140447.0 | ||
| 008 | 971013s1978 r 00010 d | ||
| 010 | _a52313 | ||
| 011 | _a53285 | ||
| 035 | _a57435 | ||
| 040 | _cCHAP | ||
| 082 |
_a972.015 _bP6 |
||
| 245 | 0 |
_aPopol Vuh : _b: las antiguas historias del Quiché. |
|
| 260 |
_aSan José, C.R. : _bEDUCA, _c1978. |
||
| 300 | _a170 p. | ||
| 490 | _aColección Aula | ||
| 590 |
_aBATCH-UPD _b10 _c20130110 _lUCH01 _h0752 |
||
| 590 |
_aBATCH-UPD _b10 _c20130410 _lUCH01 _h0432 |
||
| 590 |
_aBATCH-UPD _b10 _c20130914 _lUCH01 _h1002 |
||
| 590 |
_aCONVERSION _b10 _c20130109 _lUCH01 _h1328 |
||
| 590 |
_aE5765TAJ _b05 _c20160919 _lUCH01 _h1407 |
||
| 650 | 1 | 4 |
_aMayas _xCultura. _973214 |
| 650 | 1 | 4 |
_aQuichés _xCultura. _993287 |
| 700 | 0 |
_aPopol Vuh. _990895 |
|
| 830 | 0 |
_aColección Aula _924710 |
|
| 901 | _aBK | ||
| 942 | _cLIBRO | ||
| 942 | _n0 | ||
| 949 |
_a972.015 P6 _bBC _cLIBRO _d-124959 _eLIBRO _gI.c/e _h78316 _i57435 _si |
||
| 999 |
_c52313 _d52313 |
||